The European discovery of America /
The late Samuel Eliot Morison, a former U.S. Navy admiral, was also one of America's premier historians. Combining a first-hand knowledge of the sea and transatlantic travel with a brilliantly readable narrative style, "The European Discovery of America" has become nothing less than t...
| Main Author: | |
|---|---|
| Format: | Book |
| Language: | English |
| Published: |
New York :
Oxford University Press,
1993.
|
| Subjects: | |
| Online Access: | Contributor biographical information Publisher description |
MARC
| Tag | First Indicator | Second Indicator | Subfields |
|---|---|---|---|
| LEADER | 00000cam a2200000 i 4500 | ||
| 001 | in00004814321 | ||
| 008 | 930128r19931971nyua b 001 0 eng | ||
| 005 | 20240808151138.1 | ||
| 010 | |a 93020183 | ||
| 035 | |a (OCoLC)ocm27640973 | ||
| 040 | |a DLC |b eng |e rda |c DLC |d BAKER |d BTCTA |d YDXCP |d OCLCG |d BDX |d OCLCO |d OCLCF |d OCLCQ |d ALMSI |d IL4J6 |d OCLCO |d PZS |d OCLCL | ||
| 019 | |a 1296141496 |a 1378173657 | ||
| 020 | |a 0195082710 |q (pbk. ; |q v. 1) | ||
| 020 | |a 9780195082715 |q (pbk. ; |q v. 1) | ||
| 020 | |a 0195082729 |q (pbk. ; |q v. 2) | ||
| 020 | |a 9780195082722 |q (pbk. ; |q v. 2) | ||
| 029 | 1 | |a AU@ |b 000040164348 | |
| 029 | 1 | |a NZ1 |b 4408904 | |
| 029 | 1 | |a YDXCP |b 104115 | |
| 035 | |a (OCoLC)27640973 |z (OCoLC)1296141496 |z (OCoLC)1378173657 | ||
| 043 | |a n------ |a s------ | ||
| 050 | 0 | 0 | |a E101 |b .M85 1993 |
| 082 | 0 | 0 | |a 970.01 |2 20 |
| 049 | |a MAIN | ||
| 100 | 1 | |a Morison, Samuel Eliot, |d 1887-1976. |1 https://id.oclc.org/worldcat/entity/E39PBJdGPgkbf6XT7CJyD8PJDq |0 http://id.loc.gov/authorities/names/n79065131, |e author | |
| 245 | 1 | 4 | |a The European discovery of America / |c Samuel Eliot Morison. |
| 264 | 1 | |a New York : |b Oxford University Press, |c 1993. | |
| 300 | |a 2 volumes : |b illustrations ; |c 23 cm | ||
| 336 | |a text |b txt |2 rdacontent | ||
| 337 | |a unmediated |b n |2 rdamedia | ||
| 338 | |a volume |b nc |2 rdacarrier | ||
| 504 | |a Includes bibliographical references and index. | ||
| 505 | 0 | |a [1] The northern voyages, A.D. 500-1600 -- [2] The southern voyages, A.D. 1492-1616. | |
| 520 | |a The late Samuel Eliot Morison, a former U.S. Navy admiral, was also one of America's premier historians. Combining a first-hand knowledge of the sea and transatlantic travel with a brilliantly readable narrative style, "The European Discovery of America" has become nothing less than the definitive account of the great age of European exploration. -- From publisher's description. | ||
| 590 | |b TAG Physical Holdings 2 | ||
| 651 | 0 | |a America |x Discovery and exploration. |0 http://id.loc.gov/authorities/subjects/sh85004240 | |
| 650 | 4 | |a America -- Discovery and exploration. | |
| 651 | 6 | |a Amérique |x Découverte et exploration. | |
| 650 | 7 | |a Discoveries in geography. |2 fast |0 (OCoLC)fst00894950 | |
| 651 | 7 | |a America. |2 fast |0 (OCoLC)fst01239786 | |
| 650 | 7 | |a Voyages and travels. |2 nli | |
| 651 | 7 | |a America |x Discovery and exploration. |2 nli | |
| 776 | 0 | 8 | |i Online version: |a Morison, Samuel Eliot, 1887-1976. |t European discovery of America. |d New York : Oxford University Press, 1993 |w (OCoLC)894770519 |
| 856 | 4 | 2 | |3 Contributor biographical information |u http://catdir.loc.gov/catdir/enhancements/fy0723/93020183-b.html |t 0 |
| 856 | 4 | 2 | |3 Publisher description |u http://catdir.loc.gov/catdir/enhancements/fy0636/93020183-d.html |t 0 |
| 938 | |a Baker & Taylor |b BKTY |c 19.95 |d 14.96 |i 0195082729 |n 0002276676 |s active | ||
| 938 | |a Baker & Taylor |b BKTY |c 19.95 |d 14.96 |i 0195082710 |n 0002276675 |s active | ||
| 938 | |a Brodart |b BROD |n 45368465 |c $49.95 | ||
| 938 | |a Baker and Taylor |b BTCP |n 93020183 | ||
| 938 | |a YBP Library Services |b YANK |n 104116 | ||
| 994 | |a 92 |b TAG | ||
| 852 | 0 | |a TAG |b TAGC |c galv,stk |h E101 .M85 1993 |m v. 1 | |
| 876 | |c 20 USD |p 33620000898045 |v unmediated -- volume | ||
| 999 | f | f | |s ba12e4e6-bf85-449a-984a-62bea8a1c6c2 |i 929234e3-41e5-4e58-a181-9b2426b11c13 |t 0 |
| 952 | f | f | |p normal |a Texas A&M University |b Galveston Campus |c Jack K. Williams Library |d Galveston Stacks |t 0 |e E101 .M85 1993 |g v. 2 |h Library of Congress classification |i unmediated -- volume |m 33620000898052 |
| 952 | f | f | |p normal |a Texas A&M University |b Galveston Campus |c Jack K. Williams Library |d Galveston Stacks |t 0 |e E101 .M85 1993 |g v. 1 |h Library of Congress classification |i unmediated -- volume |m 33620000898045 |
| 998 | f | f | |a E101 .M85 1993 |t 0 |l Galveston Stacks |
| 998 | f | f | |a E101 .M85 1993 |t 0 |l Galveston Stacks |